000 01039nam a2200277Ia 4500
999 _c54269
_d54269
001 21325
003 GE_BSU
005 20210911183647.0
008 181216s2017||||ru |||||||||||||| ||rus||
020 _a978599169460
040 _cGE_BSU
041 _arus
080 _a159.95(075.8) В-27
100 _aВеличковский, Б. М.
_912465
245 _aКогнитивная наука : Основы психологии познания. том 1 :
_bУч-к для бакалавриата и магистратуры /
_c Б. М. Величковский.
250 _a2-е издание исправл. и дополн.
264 _aМосква :
_bЮрайт,
_c2017.
300 _a446 стр. ;
_c24 см.
520 _aПарал. загл. на англ. яз.
541 _h123 Л.
653 _aКогнитивная наука
653 _aОсновы психологии познания том 1
653 _aПсихология
653 _aფსიქოლოგია
942 _cBK
_2udc